书目信息 |
| 题名: |
Photoshop CS6抠图秘笈
|
|
| 作者: | 暮翊 , 王德忠 编著 | |
| 分册: | ||
| 出版信息: | 北京 电子工业出版社 2012 |
|
| 页数: | 11,224页 | |
| 开本: | 23cm | |
| 丛书名: | ||
| 单 册: | ||
| 中图分类: | TP391.413 | |
| 科图分类: | ||
| 主题词: | 图象处理软件 | |
| 电子资源: | ||
| ISBN: | 978-7-121-17465-0 | |
| 000 | 01073nam0 2200253 450 | |
| 001 | 140245 | |
| 005 | 20141019145243.62 | |
| 010 | @a978-7-121-17465-0@b光盘@dRMB 49.80 | |
| 100 | @a20130119d2012 em y0chiy50 ea | |
| 101 | 0 | @achi |
| 102 | @aCN@b110000 | |
| 105 | @aa z 000yy | |
| 200 | 1 | @aPhotoshop CS6抠图秘笈@APhotoshop CS6 kou tu mi ji@b专著@f暮翊,王德忠编著 |
| 210 | @a北京@c电子工业出版社@d2012 | |
| 215 | @a11,224页@c图@d23cm@e1光盘 | |
| 307 | @a附光盘:ISBN 978-7-89432-465-8 | |
| 330 | @a本书以最新版本Photoshop CS6中文版为工具,讲解Photoshop在抠图、修图、美化图片及调色中的应用,不但详细讲解了抠图的实战应用,还为初学者单独开辟一章内容,详细讲解Photoshop的入门知识。在抠图实例的讲解上,以实用为基础,精选大量极具代表性的抠图、修图及调色实例,全面介绍了Photoshop的各种抠图方法,并对修图和调色也做了详细的讲解。 | |
| 606 | 0 | @a图象处理软件 |
| 610 | 0 | @aPhotoshop CS |
| 690 | @aTP391.413@v5 | |
| 701 | 0 | @a暮翊@Amu yi@4编著 |
| 701 | 0 | @a王德忠@Awang de zhong@c(计算机绘图)@4编著 |
| 801 | 0 | @aCN@b110017@c20140927 |
| 905 | @a241430@dTP391.413@eM958 | |
| Photoshop CS6抠图秘笈/暮翊,王德忠编著.-北京:电子工业出版社,2012 |
| 11,224页:图;23cm+1光盘 |
| ISBN 978-7-121-17465-0(光盘):RMB 49.80 |
| 本书以最新版本Photoshop CS6中文版为工具,讲解Photoshop在抠图、修图、美化图片及调色中的应用,不但详细讲解了抠图的实战应用,还为初学者单独开辟一章内容,详细讲解Photoshop的入门知识。在抠图实例的讲解上,以实用为基础,精选大量极具代表性的抠图、修图及调色实例,全面介绍了Photoshop的各种抠图方法,并对修图和调色也做了详细的讲解。 |
| ● |
| 相关链接 |
|
|
|
正题名:Photoshop CS6抠图秘笈
索取号:TP391.413/M958
 
预约/预借
| 序号 | 登录号 | 条形码 | 馆藏地/架位号 | 状态 | 备注 |
| 1 | 0834019 | 208340197 | 自科库301/301自科库 105排2列4层/ [索取号:TP391.413/M958] | 在馆 | |
| 2 | 0834020 | 208340204 | 自科库301/301自科库 38排2列1层/ [索取号:TP391.413/M958] | 在馆 | |
| 3 | 0834021 | 208340213 | 自科二线400A/400A自科库 5排2列4层/ [索取号:TP391.413/M958] | 在馆 |